| 000 | 01175nam a2200301 a 4500 | ||
|---|---|---|---|
| 001 | ebr10439460 | ||
| 003 | CaPaEBR | ||
| 006 | m u | ||
| 007 | cr cn||||||||| | ||
| 008 | 110127s2009 enk sb 000 0 eng d | ||
| 020 | _z9781849280259 | ||
| 020 | _z9781849280266 (e-book) | ||
| 040 |
_aCaPaEBR _cCaPaEBR |
||
| 035 | _a(OCoLC)609853232 | ||
| 050 | 1 | 4 |
_aHD2365 _b.K46 2009eb |
| 100 | 1 | _aKendrick, Rupert. | |
| 245 | 1 | 0 |
_aOutsourcing IT _h[electronic resource] : _ba governance guide / _cRupert Kendrick. |
| 260 |
_aEly, U.K. : _bIT Governance Pub., _c2009. |
||
| 300 | _a323 p. | ||
| 504 | _aIncludes bibliographical references. | ||
| 533 |
_aElectronic reproduction. _bPalo Alto, Calif. : _cebrary, _d2011. _nAvailable via World Wide Web. _nAccess may be limited to ebrary affiliated libraries. |
||
| 650 | 0 |
_aInformation technology _xManagement. |
|
| 650 | 0 | _aContracting out. | |
| 650 | 0 |
_aElectronic data processing departments _xContracting out. |
|
| 655 | 7 |
_aElectronic books. _2local |
|
| 710 | 2 | _aebrary, Inc. | |
| 856 | 4 | 0 |
_uhttp://site.ebrary.com/lib/rucke/Doc?id=10439460 _zAn electronic book accessible through the World Wide Web; click to view |
| 999 |
_c133835 _d133835 |
||